| 000 | 02642nam a22002777a 4500 | ||
|---|---|---|---|
| 001 | 9127 | ||
| 003 | FISKH | ||
| 005 | 20251124115024.0 | ||
| 008 | 251124b cb ||||| |||| 00| 0 eng d | ||
| 040 |
_aFISKH _bkhr _cFISKH _dFISKH |
||
| 082 | _a398.2 | ||
| 100 | _aSarik , Iv | ||
| 245 |
_aមាន់គកឈ្លាសវៃ : _bThe wise rooster / _cរៀបរៀងដោយ អុីវ សារីក , គូររូបដោយ អេត អូ |
||
| 260 | _c2011 . | ||
| 300 |
_a24 pages : _bcolor illustrations ; _c30 cm . |
||
| 505 | _aR | ||
| 520 | _aមានកុដុម្ពីម្នាក់មានទ្រព្យសម្បត្តិស្តុកស្តម្ភ រស់នៅជាមួយភរិយានិងកូនអាយុ10ឆ្នាំ ។ កុដុម្ពីមានចំនេះដ៏ពិសេសមួយគឺការស្តាប់ភាសាសត្វបាន តែគាត់មិនអាចប្រាប់នរណាបានទេ បើមិនដូច្នោះទេគាត់នឹងក្លាយទៅជាថ្ម ។ ថ្ងៃមួយគាត់បានលឺសត្វនិយាយគ្នាហើយគាត់ក៏សើចតែម្នាក់ឯងធ្វើអោយប្រពន្ធគាត់គិតថាគាត់មិនស្មោះត្រង់ ជាមួយនាង នាងក៏កើតចិត្តខឹង។ កុដុម្ពីក៏បានលឺមាត់គកនិយាយគ្នាជាមួយឆ្កែ គាត់ក៏ធ្វើតាមមាន់គកហើយប្រពន្ធរបស់គាត់ក៏ត្រូវគ្នាវិញ ។ | ||
| 520 | _aThere was a wealthy man who lived with his wife and their 10-year-old child. This man had a special ability: he could understand the language of animals, but he could not tell anyone about it; otherwise, he would turn into stone. One day, he overheard some animals talking and he laughed to himself, which made his wife think he was hiding something from her. She became upset with him. Later, the man heard a rooster talking with a dog. He followed the rooster’s advice, and as a result, his wife reconciled with him . | ||
| 521 | 8 |
_a700
_bLexile estimate |
|
| 521 | 8 |
_aR
_bRaz-Plus |
|
| 650 |
_aមាន់គកឈ្លាសវៃ _vរឿងនិទានកុមារ |
||
| 650 |
_aThe wise rooster _vChildren's Stories |
||
| 700 |
_aO, Eth _eIllustrator |
||
| 942 |
_2ddc _cKHB _n0 |
||
| 999 |
_c9127 _d9127 |
||